书目信息 |
| 题名: |
蓝色城堡
|
|
| 作者: | 蒙哥玛利 著 ;邵亚楠 译 | |
| 分册: | ||
| 出版信息: | 西安 陕西师范大学出版社 2010.06 |
|
| 页数: | 220页 | |
| 开本: | 21cm | |
| 丛书名: | ||
| 单 册: | ||
| 中图分类: | I711.45 | |
| 科图分类: | ||
| 主题词: | 长篇小说--加拿大--现代 , 长篇小说 | |
| 电子资源: | ||
| ISBN: | 978-7-5613-5072-0 | |
| 000 | 00827nam0 2200265 450 | |
| 001 | 1240274268 | |
| 005 | 20120109111141.14 | |
| 010 | @a978-7-5613-5072-0@dCNY25.00 | |
| 090 | @aI711.45@bmgm | |
| 096 | @aI711.45@bmgm | |
| 100 | @a20100716d2010 em y0chiy50 ea | |
| 101 | 1 | @achi@ceng |
| 102 | @aCN@b610000 | |
| 105 | @ay z 000ay | |
| 200 | 1 | @a蓝色城堡@9lan se cheng bao@b专著@dThe blue castle@f(加)露西·莫德·蒙哥马利著@g邵亚楠译@zeng |
| 210 | @a西安@c陕西师范大学出版社@d2010.06 | |
| 215 | @a220页@d21cm | |
| 510 | 1 | @aBlue castle@zeng |
| 606 | 0 | @a长篇小说@y加拿大@z现代 |
| 606 | 0 | @a长篇小说 |
| 690 | @aI711.45@v4 | |
| 701 | 0 | @c(加)@a蒙哥玛利@9meng ge ma li@c(女,Montgomery, Lucy Maud@f1874~1942)@4著 |
| 702 | 0 | @a邵亚楠@9shao ya nan@4译 |
| 801 | 0 | @aCN@bCL@c20100621 |
| 905 | @aZUCC@dI711.45@eM5641 | |
| 蓝色城堡=The blue castle/(加)露西·莫德·蒙哥马利著/邵亚楠译.-西安:陕西师范大学出版社,2010.06 |
| 220页;21cm |
| ISBN 978-7-5613-5072-0:CNY25.00 |
| ● |
| 相关链接 |
|
|
|
正题名:蓝色城堡
索取号:I711.45/M5641
 
预约/预借
| 序号 | 登录号 | 条形码 | 馆藏地/架位号 | 状态 | 备注 |
| 1 | 482292 | 204822923 | 文学库116/116文学库 25排2列2层/ [索取号:I711.45/M5641] | 在馆 | |
| 2 | 482293 | 204822932 | 文学库116/400B社科库 22排2列6层/ [索取号:I711.45/M5641] | 在馆 | |
| 3 | 482294 | 204822941 | 文学库116/400B社科库 23排4列3层/ [索取号:I711.45/M5641] | 在馆 |